| 000 | 00530nam a2200181Ia 4500 | ||
|---|---|---|---|
| 008 | 100917s9999 xx 000 0 und d | ||
| 082 | _b22860 | ||
| 100 | _aसहस्त्रबुध्दे विद्याधर | ||
| 245 | _aमहासागर | ||
| 260 |
_bअनिरूध्द साहित्य _c1972 |
||
| 300 | _a220 | ||
| 365 | _b20 | ||
| 520 | _aसृ. प. वि. | ||
| 630 | _aमहासागर | ||
| 650 | _aसृ. प. वि. | ||
| 730 | _aमहासागर | ||
| 942 | _cBOOK | ||
| 999 |
_c628254 _d628251 |
||